000 00477nam a2200169 4500
001 140302
003 ES-MaACL
005 20230906200042.0
007 t|
008 070214s1910 gw r ||||1| ger d
100 1 _aSchuppe, Wilhelm.
_9104824
245 1 0 _aGrundriss der Erkenntnistheorie und Logik /
_cWilhelm Schuppe.
250 _a2ยช: ed.
260 _aBerlin :
_bWeidmannsche Buchhandlung,
_c1910.
300 _a189 p. :
_bil. ;
_c22 cm.
852 _aES-MaACL
_jG-2616
999 _c140302
_d140302